| 000 | 00349nam a22001217a 4500 | ||
|---|---|---|---|
| 999 |
_c335 _d335 |
||
| 005 | 20200812144633.0 | ||
| 008 | 200812b ||||| |||| 00| 0 eng d | ||
| 020 | _a8082 | ||
| 040 | _cCML | ||
| 245 |
_aThe Social Life of Animals. _cAllee, W.C. |
||
| 260 |
_aBoston _bAbelard-Schuman Ltd _c1938 |
||
| 942 |
_2ddc _cBK _e1st Edition _h156 _mALL |
||